000 00737nam a22002177a 4500
003 OSt
005 20251203142630.0
008 251203b |||||||| |||| 00| 0 eng d
020 _a 978-621-8035-53-9
040 _aDWC-Main lib
_cOC
082 _aFil. 371.33 T255 2019
100 _aBilbao, Purita P.
245 _aTechnology for teaching and learning 1/
_cPurita P. Bilbao
260 _aQuezon City:
_b Lorimar Publishing ,
_cc2019.
300 _a xix, 200 pages :
_billustrations ;
_c 26cm.
504 _aIncludes bibliographical references
650 _a1. Computer- assisted instruction
650 _a2. Educational technology-- Planning
650 _a3. Instructional system-- Design
942 _2ddc
_cBK - FIL
_kFil.
_n0
999 _c6770
_d6770